Score 0/11 Timer 01:30
2 Plays Today
Clue 5-Letter Word % Correct
Indicate with your finger•POINT•
98.7%
Netflix series: 'Orange Is the New ___'BLACK
95.4%
Close and open your eyelidsBLINK
94.5%
Pile of pancakesSTACK
91.7%
To gaze unblinkingly•STARE•
91.2%
Looseness in a ropeSLACK
90.4%
Like Taylor Swift's space•BLANK•
90%
Ctrl+P commandPRINT
88%
Family name of Eddard, Sansa, Robb and AryaSTARK
84.7%
The edge or threshholdBRINK
78.6%
Groom with excessive vanityPRINK
69.3%

Today's Daily Dose

Remove Ads.
Support Sporcle.
Get the best of Sporcle when you Go Orange. This ad-free experience offers more features, more stats, and more fun while also helping to support Sporcle. Thank you for becoming a member.

You're not logged in!

Compare scores with friends on all Sporcle quizzes.
OR
Log In

Show Comments

Extras

Top Quizzes Today


Score Distribution

Your Account Isn't Verified!

In order to create a playlist on Sporcle, you need to verify the email address you used during registration. Go to your Sporcle Settings to finish the process.

Report this User

Report this user for behavior that violates our Community Guidelines.

Details: